000 00257nam a22001097a 4500
008 170118b xxu||||| |||| 00| 0 eng d
020 _a9780781791953
041 _aeng
080 _27TH
_a618.2
245 _aCRITICAL CARE NURSING
_cHUDAK, C.M
942 _2udc
_cBK
999 _c3067
_d3067